000 00550nam a22001937a 4500
001 T027600007275
008 181111b xve|||||r|||| 00| | esp d
099 _aIVP-D-03812
_b
100 _aMinisterio de Planificación y Desarrollo (MPD).
245 _aPlan Nacional de Desarrollo Regional.
260 _a
500 _aFotocopiado
650 _aPlanificación Regional--Proyectos--Venezuela (2001)
650 _aPlanificación Territorial
650 _aPolíticas Públicasl.
650 _aVenezuela.
650 _aEspañol.
942 _cLIB
999 _c8403
_d8403